[Event "45th FIDE Chess Olympiad Open"]
[Site "Budapest, Hungary"]
[Date "2024.09.20"]
[Round "9"]
[White "Abdul Rahman, Ali"]
[Black "Guillaume, Jude Mirvens"]
[Result "1/2-1/2"]
[Board "280"]
[WhiteFideId "16700066"]
[BlackFideId "11900792"]
[WhiteTitle "CM"]
[WhiteElo "1844"]
[BlackElo "1956"]
[WhiteTeam "Maldives"]
[BlackTeam "Haiti"]
[WhiteClock "0:22:44"]
[BlackClock "1:11:14"]
[Variant "Standard"]

1. d4 {[%clk 1:30:53]}  f5 {[%clk 1:30:45]} 2. e3 {[%clk 1:31:00]}  Nf6 {[%clk 1:31:03]} 3. Bd3 {[%clk 1:30:19]}  e6 {[%clk 1:31:13]} 4. Nd2 {[%clk 1:29:32]}  Be7 {[%clk 1:31:10]} 5. f4 {[%clk 1:28:01]}  d5 {[%clk 1:31:19]} 6. Ngf3 {[%clk 1:27:54]}  O-O {[%clk 1:31:31]} 7. O-O {[%clk 1:28:05]}  Ne4 {[%clk 1:31:43]} 8. c3 {[%clk 1:27:48]}  c6 {[%clk 1:31:29]} 9. Ne5 {[%clk 1:27:44]}  Nd7 {[%clk 1:31:47]} 10. a4 {[%clk 1:26:55]}  Nxe5 {[%clk 1:31:53]} 11. fxe5 {[%clk 1:26:57]}  Bd7 {[%clk 1:31:53]} 12. Nf3 {[%clk 1:27:15]}  Be8 {[%clk 1:31:56]} 13. Qe1 {[%clk 1:25:23]}  Bh5 {[%clk 1:31:47]} 14. b3 {[%clk 1:24:56]}  g5 {[%clk 1:31:29]} 15. Bb2 {[%clk 1:23:59]}  Qe8 {[%clk 1:29:28]} 16. a5 {[%clk 1:20:02]}  Qg6 {[%clk 1:29:13]} 17. Nd2 {[%clk 1:19:29]}  Kh8 {[%clk 1:28:31]} 18. Be2 {[%clk 1:17:44]}  Bxe2 {[%clk 1:27:01]} 19. Qxe2 {[%clk 1:17:51]}  g4 {[%clk 1:27:12]} 20. Nxe4 {[%clk 1:16:44]}  fxe4 {[%clk 1:27:37]} 21. Ba3 {[%clk 1:14:13]}  Bxa3 {[%clk 1:25:49]} 22. Rxa3 {[%clk 1:14:33]}  h5 {[%clk 1:24:20]} 23. Raa1 {[%clk 1:14:58]}  Qg5 {[%clk 1:21:41]} 24. Rxf8+ {[%clk 1:11:24]}  Rxf8 {[%clk 1:21:57]} 25. Rf1 {[%clk 1:11:48]}  Rf3 {[%clk 1:21:50]} 26. Re1 {[%clk 1:11:18]}  h4 {[%clk 1:21:31]} 27. Qd2 {[%clk 1:11:16]}  Rf5 {[%clk 1:19:29]} 28. Rf1 {[%clk 1:11:32]}  Kg7 {[%clk 1:18:26]} 29. Rxf5 {[%clk 1:02:50]}  Qxf5 {[%clk 1:18:04]} 30. Qf2 {[%clk 1:01:49]}  Qxf2+ {[%clk 1:14:12]} 31. Kxf2 {[%clk 1:02:06]}  Kf7 {[%clk 1:14:41]} 32. g3 {[%clk 0:57:03]}  h3 {[%clk 1:14:25]} 33. Ke2 {[%clk 0:57:18]}  Ke7 {[%clk 1:14:54]} 34. Kd2 {[%clk 0:57:18]}  Kd7 {[%clk 1:14:54]} 35. Kc2 {[%clk 0:55:45]}  b6 {[%clk 1:15:09]} 36. axb6 {[%clk 0:54:30]}  axb6 {[%clk 1:15:38]} 37. Kb2 {[%clk 0:54:41]}  c5 {[%clk 1:14:33]} 38. Ka3 {[%clk 0:53:39]}  Kc6 {[%clk 1:15:01]} 39. Kb2 {[%clk 0:47:37]}  Kb5 {[%clk 1:14:41]} 40. Ka3 {[%clk 0:35:15]}  Kc6 {[%clk 1:10:55]} 41. Kb2 {[%clk 0:33:14]}  b5 {[%clk 1:10:09]} 42. dxc5 {[%clk 0:22:26]}  Kxc5 {[%clk 1:06:15]} 43. b4+ {[%clk 0:17:55]}  Kc6 {[%clk 0:57:34]} 44. Kc2 {[%clk 0:15:19]}  Kd7 {[%clk 0:57:52]} 45. Kd2 {[%clk 0:14:24]}  Ke7 {[%clk 0:57:55]} 46. Ke2 {[%clk 0:13:35]}  Kf7 {[%clk 0:58:30]} 47. Kd2 {[%clk 0:13:02]}  Kg6 {[%clk 0:57:49]} 48. Kd1 {[%clk 0:12:16]}  Kf5 {[%clk 0:58:18]} 49. Kd2 {[%clk 0:12:29]}  Kxe5 {[%clk 0:58:45]} 50. Kd1 {[%clk 0:12:00]}  Kd6 {[%clk 0:59:13]} 51. Kd2 {[%clk 0:12:08]}  e5 {[%clk 0:59:20]} 52. Ke2 {[%clk 0:05:06]}  d4 {[%clk 0:53:31]} 53. exd4 {[%clk 0:02:53]}  exd4 {[%clk 0:53:46]} 54. cxd4 {[%clk 0:02:46]}  Ke6 {[%clk 0:53:52]} 55. Kd2 {[%clk 0:03:04]}  Kd5 {[%clk 0:48:15]} 56. Ke3 {[%clk 0:03:14]}  Kc4 {[%clk 0:48:44]} 57. Kxe4 {[%clk 0:03:14]}  Kxb4 {[%clk 0:49:12]} 58. Kd3 {[%clk 0:02:45]}  Ka3 {[%clk 0:46:47]} 59. Kc2 {[%clk 0:29:58]}  Kb4 {[%clk 1:14:05]} 60. Kd3 {[%clk 0:30:03]}  Ka5 {[%clk 1:12:43]} 61. d5 {[%clk 0:26:14]}  Kb6 {[%clk 1:12:58]} 62. Kd4 {[%clk 0:26:17]}  b4 {[%clk 1:13:11]} 63. Kc4 {[%clk 0:24:10]}  b3 {[%clk 1:11:43]} 64. Kxb3 {[%clk 0:24:20]}  Kc5 {[%clk 1:12:10]} 65. d6 {[%clk 0:23:38]}  Kxd6 {[%clk 1:12:38]} 66. Kc4 {[%clk 0:23:54]}  Ke5 {[%clk 1:12:39]} 67. Kd3 {[%clk 0:24:07]}  Kd5 {[%clk 1:11:24]} 68. Ke3 {[%clk 0:23:06]}  Ke5 {[%clk 1:11:14]} 69. Kd3 {[%clk 0:22:44]} 1/2-1/2

[Event "45th FIDE Chess Olympiad Open"]
[Site "Budapest, Hungary"]
[Date "2024.09.20"]
[Round "9"]
[White "Bodin-Hullin, Thomas"]
[Black "Njoroge, Martin"]
[Result "0-1"]
[Board "281"]
[WhiteFideId "681407"]
[BlackFideId "10801952"]
[WhiteElo "1855"]
[BlackElo "1972"]
[WhiteTeam "Senegal"]
[BlackTeam "Kenya"]
[WhiteClock "0:00:45"]
[BlackClock "0:01:47"]
[Variant "Standard"]

1. e4 {[%clk 1:30:57]}  c6 {[%clk 1:27:26]} 2. Nc3 {[%clk 1:31:24]}  d5 {[%clk 1:27:49]} 3. Nf3 {[%clk 1:31:49]}  e6 {[%clk 1:25:30]} 4. d3 {[%clk 1:26:51]}  d4 {[%clk 1:21:33]} 5. Ne2 {[%clk 1:26:15]}  c5 {[%clk 1:17:56]} 6. g3 {[%clk 1:21:54]}  Nc6 {[%clk 1:18:07]} 7. Bg2 {[%clk 1:20:18]}  Nf6 {[%clk 1:14:42]} 8. O-O {[%clk 1:20:14]}  Be7 {[%clk 1:15:01]} 9. h3 {[%clk 1:18:17]}  O-O {[%clk 1:14:14]} 10. Nh2 {[%clk 1:17:38]}  e5 {[%clk 1:14:19]} 11. f4 {[%clk 1:17:38]}  b5 {[%clk 1:12:03]} 12. f5 {[%clk 1:08:35]}  Bb7 {[%clk 1:08:58]} 13. g4 {[%clk 1:06:53]}  Nd7 {[%clk 1:09:04]} 14. Nf3 {[%clk 1:05:58]}  c4 {[%clk 1:08:35]} 15. g5 {[%clk 0:46:47]}  cxd3 {[%clk 1:05:29]} 16. cxd3 {[%clk 0:45:34]}  Rc8 {[%clk 0:57:08]} 17. Ng3 {[%clk 0:35:19]}  Bd6 {[%clk 0:37:10]} 18. Ne1 {[%clk 0:33:13]}  Qb6 {[%clk 0:35:57]} 19. f6 {[%clk 0:25:21]}  g6 {[%clk 0:33:23]} 20. h4 {[%clk 0:24:36]}  Nc5 {[%clk 0:27:34]} 21. h5 {[%clk 0:19:56]}  Rc7 {[%clk 0:27:38]} 22. Nf5 {[%clk 0:09:43]}  gxf5 {[%clk 0:25:25]} 23. exf5 {[%clk 0:07:45]}  e4 {[%clk 0:21:43]} 24. Qg4 {[%clk 0:03:42]}  Ne5 {[%clk 0:21:27]} 25. Qh4 {[%clk 0:03:44]}  Ncxd3 {[%clk 0:13:21]} 26. Nxd3 {[%clk 0:02:50]}  exd3 {[%clk 0:13:25]} 27. g6 {[%clk 0:02:36]}  Bxg2 {[%clk 0:11:42]} 28. Qg5 {[%clk 0:00:35]}  fxg6 {[%clk 0:10:08]} 29. Qxg2 {[%clk 0:00:48]}  g5 {[%clk 0:07:49]} 30. Bxg5 {[%clk 0:00:44]}  Kh8 {[%clk 0:06:41]} 31. h6 {[%clk 0:00:44]}  Rg8 {[%clk 0:05:56]} 32. f7 {[%clk 0:00:42]}  Rxf7 {[%clk 0:06:07]} 33. Rac1 {[%clk 0:01:03]}  Qb7 {[%clk 0:03:45]} 34. Qg3 {[%clk 0:00:56]}  Nc4 {[%clk 0:02:48]} 35. Qh4 {[%clk 0:00:56]}  Qd5 {[%clk 0:02:04]} 36. Rce1 {[%clk 0:00:34]}  Rxf5 {[%clk 0:01:32]} 37. Rxf5 {[%clk 0:01:00]}  Qxf5 {[%clk 0:01:57]} 38. Re8 {[%clk 0:00:40]}  Rxe8 {[%clk 0:01:44]} 39. Bf6+ {[%clk 0:00:45]}  Kg8 {[%clk 0:01:47]} 0-1

[Event "45th FIDE Chess Olympiad Open"]
[Site "Budapest, Hungary"]
[Date "2024.09.20"]
[Round "9"]
[White "Kanegeni, Matthew Kamau"]
[Black "Lesbros, Bernard"]
[Result "0-1"]
[Board "282"]
[WhiteFideId "10800255"]
[BlackFideId "614831"]
[WhiteElo "1976"]
[BlackElo "1938"]
[WhiteTeam "Kenya"]
[BlackTeam "Senegal"]
[WhiteClock "0:02:53"]
[BlackClock "0:06:22"]
[Variant "Standard"]

1. d4 {[%clk 1:27:35]}  Nf6 {[%clk 1:30:45]} 2. c4 {[%clk 1:27:53]}  g6 {[%clk 1:30:40]} 3. Nc3 {[%clk 1:28:18]}  d5 {[%clk 1:31:01]} 4. Nf3 {[%clk 1:28:18]}  Bg7 {[%clk 1:31:24]} 5. Bf4 {[%clk 1:28:44]}  O-O {[%clk 1:31:18]} 6. e3 {[%clk 1:29:11]}  c5 {[%clk 1:30:51]} 7. Rc1 {[%clk 1:29:03]}  cxd4 {[%clk 1:29:44]} 8. exd4 {[%clk 1:27:04]}  Nc6 {[%clk 1:28:25]} 9. h3 {[%clk 1:25:59]}  dxc4 {[%clk 1:16:13]} 10. d5 {[%clk 1:23:13]}  Na5 {[%clk 1:04:34]} 11. Ne5 {[%clk 1:20:21]}  b5 {[%clk 0:56:53]} 12. Nxb5 {[%clk 1:08:28]}  Nxd5 {[%clk 0:56:00]} 13. Bg3 {[%clk 1:01:50]}  Bh6 {[%clk 0:42:30]} 14. Ra1 {[%clk 0:43:28]}  Ba6 {[%clk 0:37:39]} 15. Na3 {[%clk 0:25:45]}  Qb6 {[%clk 0:28:04]} 16. Nc2 {[%clk 0:06:18]}  Rfd8 {[%clk 0:16:39]} 17. Qb1 {[%clk 0:04:41]}  Nb4 {[%clk 0:14:48]} 18. Be2 {[%clk 0:02:53]}  Rd2 {[%clk 0:06:22]} 0-1

[Event "45th FIDE Chess Olympiad Open"]
[Site "Budapest, Hungary"]
[Date "2024.09.20"]
[Round "9"]
[White "Marochkina, Nadezhda Valerevna"]
[Black "Oluka Robert Mcligeyo"]
[Result "0-1"]
[Board "283"]
[WhiteFideId "19900490"]
[BlackFideId "10814647"]
[WhiteElo "1792"]
[BlackElo "1990"]
[WhiteTeam "Senegal"]
[BlackTeam "Kenya"]
[WhiteClock "0:59:20"]
[BlackClock "1:26:19"]
[Variant "Standard"]

1. d4 {[%clk 1:30:40]}  Nf6 {[%clk 1:30:05]} 2. c4 {[%clk 1:30:43]}  e6 {[%clk 1:28:36]} 3. Bg5 {[%clk 1:30:32]}  d5 {[%clk 1:28:56]} 4. e3 {[%clk 1:30:18]}  Bb4+ {[%clk 1:29:09]} 5. Nc3 {[%clk 1:28:56]}  Nbd7 {[%clk 1:29:33]} 6. Nf3 {[%clk 1:28:17]}  c5 {[%clk 1:29:58]} 7. cxd5 {[%clk 1:25:04]}  exd5 {[%clk 1:29:59]} 8. Qb3 {[%clk 1:14:54]}  Qa5 {[%clk 1:29:09]} 9. Bxf6 {[%clk 1:06:21]}  Nxf6 {[%clk 1:29:32]} 10. Bb5+ {[%clk 1:03:25]}  Qxb5 {[%clk 1:28:58]} 11. a3 {[%clk 1:03:16]}  Bxc3+ {[%clk 1:29:21]} 12. Qxc3 {[%clk 1:03:24]}  Ne4 {[%clk 1:28:43]} 13. Qc2 {[%clk 1:03:28]}  O-O {[%clk 1:28:38]} 14. Rc1 {[%clk 1:03:29]}  Bf5 {[%clk 1:28:10]} 15. dxc5 {[%clk 1:02:40]}  Ng3 {[%clk 1:27:33]} 16. Nd4 {[%clk 1:02:33]}  Bxc2 {[%clk 1:24:36]} 17. Nxb5 {[%clk 1:02:52]}  Bd3 {[%clk 1:24:56]} 18. Nc7 {[%clk 0:58:51]}  Nxh1 {[%clk 1:25:14]} 19. Nxa8 {[%clk 0:58:38]}  Rxa8 {[%clk 1:25:35]} 20. Rd1 {[%clk 0:58:26]}  Bc4 {[%clk 1:25:58]} 21. Rd4 {[%clk 0:58:41]}  a5 {[%clk 1:25:41]} 22. e4 {[%clk 0:59:03]}  Re8 {[%clk 1:25:54]} 23. f3 {[%clk 0:59:20]}  f5 {[%clk 1:26:19]} 0-1

[Event "45th FIDE Chess Olympiad Open"]
[Site "Budapest, Hungary"]
[Date "2024.09.20"]
[Round "9"]
[White "Wanasunia, Elvis Likoko"]
[Black "Cisse, Amadou Lamine"]
[Result "1-0"]
[Board "284"]
[WhiteFideId "10815090"]
[BlackFideId "19900228"]
[WhiteElo "1942"]
[BlackElo "1948"]
[WhiteTeam "Kenya"]
[BlackTeam "Senegal"]
[WhiteClock "1:36:00"]
[BlackClock "0:25:17"]
[Variant "Standard"]

1. e4 {[%clk 1:29:22]}  a6 {[%clk 1:30:25]} 2. d4 {[%clk 1:29:32]}  e6 {[%clk 1:30:50]} 3. Nf3 {[%clk 1:29:42]}  d5 {[%clk 1:29:59]} 4. e5 {[%clk 1:30:03]}  c5 {[%clk 1:30:04]} 5. c3 {[%clk 1:30:23]}  Qb6 {[%clk 1:30:15]} 6. a3 {[%clk 1:29:43]}  Bd7 {[%clk 1:29:21]} 7. dxc5 {[%clk 1:30:02]}  Bxc5 {[%clk 1:29:15]} 8. Qc2 {[%clk 1:29:15]}  Bb5 {[%clk 1:28:28]} 9. b4 {[%clk 1:29:20]}  Be7 {[%clk 1:28:20]} 10. Be3 {[%clk 1:29:37]}  Qc7 {[%clk 1:27:52]} 11. Bxb5+ {[%clk 1:29:09]}  axb5 {[%clk 1:28:20]} 12. Qe2 {[%clk 1:28:52]}  Qc4 {[%clk 1:23:39]} 13. Nd4 {[%clk 1:29:13]}  Nc6 {[%clk 1:22:00]} 14. Nxb5 {[%clk 1:29:11]}  Qxe2+ {[%clk 1:22:02]} 15. Kxe2 {[%clk 1:29:35]}  Kd7 {[%clk 1:21:48]} 16. f4 {[%clk 1:26:55]}  h5 {[%clk 1:17:03]} 17. Nd2 {[%clk 1:27:12]}  Nh6 {[%clk 1:17:06]} 18. c4 {[%clk 1:25:54]}  Nf5 {[%clk 1:16:53]} 19. Bf2 {[%clk 1:25:29]}  f6 {[%clk 1:15:06]} 20. Rhd1 {[%clk 1:23:59]}  Rhc8 {[%clk 1:10:35]} 21. Ne4 {[%clk 1:20:25]}  Nxb4 {[%clk 1:07:24]} 22. exf6 {[%clk 1:19:54]}  gxf6 {[%clk 1:07:51]} 23. axb4 {[%clk 1:17:12]}  Rxa1 {[%clk 1:07:51]} 24. Rxa1 {[%clk 1:17:08]}  dxe4 {[%clk 1:01:45]} 25. c5 {[%clk 1:17:18]}  Rg8 {[%clk 1:00:39]} 26. g3 {[%clk 1:17:16]}  Kc6 {[%clk 0:59:42]} 27. Nc3 {[%clk 1:17:34]}  e3 {[%clk 0:54:33]} 28. Bxe3 {[%clk 1:16:34]}  Nxe3 {[%clk 0:54:45]} 29. Kxe3 {[%clk 1:16:58]}  f5 {[%clk 0:55:03]} 30. Rc1 {[%clk 1:16:34]}  Ra8 {[%clk 0:54:12]} 31. Kd3 {[%clk 1:16:18]}  Bf6 {[%clk 0:53:14]} 32. Kc4 {[%clk 1:15:55]}  Rd8 {[%clk 0:34:56]} 33. Rd1 {[%clk 1:14:56]}  b5+ {[%clk 0:31:35]} 34. Kb3 {[%clk 1:12:24]}  Rxd1 {[%clk 0:28:14]} 35. Nxd1 {[%clk 1:12:47]}  Bd4 {[%clk 0:28:18]} 36. Kc2 {[%clk 1:12:39]}  Bg1 {[%clk 0:27:27]} 37. Nc3 {[%clk 1:11:52]}  Bd4 {[%clk 0:20:30]} 38. Kd3 {[%clk 1:10:55]}  Bf6 {[%clk 0:20:52]} 39. Nd1 {[%clk 1:09:21]}  Kd5 {[%clk 0:19:20]} 40. Ne3+ {[%clk 1:09:07]}  Kc6 {[%clk 0:19:45]} 41. Ng2 {[%clk 1:07:26]}  Bb2 {[%clk 0:17:52]} 42. Nh4 {[%clk 1:07:40]}  Ba3 {[%clk 0:17:10]} 43. Kc3 {[%clk 1:07:40]}  Bc1 {[%clk 0:17:10]} 44. Ng6 {[%clk 1:06:10]}  Be3 {[%clk 0:14:32]} 45. Ne5+ {[%clk 1:06:33]}  Kd5 {[%clk 0:14:33]} 46. Nf3 {[%clk 1:06:29]}  Bf2 {[%clk 0:09:58]} 47. Kd3 {[%clk 1:06:37]}  Bxc5 {[%clk 0:05:44]} 48. bxc5 {[%clk 1:05:05]}  Kxc5 {[%clk 0:06:08]} 49. Nd4 {[%clk 1:05:26]}  e5 {[%clk 0:25:11]} 50. fxe5 {[%clk 1:35:44]}  b4 {[%clk 0:25:17]} 51. e6 {[%clk 1:36:00]} 1-0

[Event "45th FIDE Chess Olympiad Open"]
[Site "Budapest, Hungary"]
[Date "2024.09.20"]
[Round "9"]
[White "Ndahangwapo, Heskiel"]
[Black "Khalema, Sechaba"]
[Result "1-0"]
[Board "285"]
[WhiteFideId "15202020"]
[BlackFideId "14317176"]
[WhiteElo "2011"]
[BlackElo "1779"]
[WhiteTeam "Namibia"]
[BlackTeam "Lesotho"]
[WhiteClock "0:21:16"]
[BlackClock "0:01:34"]
[Variant "Standard"]

1. e4 {[%clk 1:30:25]}  e5 {[%clk 1:29:45]} 2. Nf3 {[%clk 1:30:46]}  Nc6 {[%clk 1:27:49]} 3. d4 {[%clk 1:28:52]}  exd4 {[%clk 1:26:54]} 4. Nxd4 {[%clk 1:29:14]}  Nf6 {[%clk 1:19:12]} 5. Nxc6 {[%clk 1:26:58]}  bxc6 {[%clk 1:12:10]} 6. e5 {[%clk 1:26:47]}  Qe7 {[%clk 1:02:41]} 7. Qe2 {[%clk 1:25:08]}  Nd5 {[%clk 0:55:28]} 8. c4 {[%clk 1:23:29]}  Ba6 {[%clk 0:52:19]} 9. b3 {[%clk 1:23:51]}  g6 {[%clk 0:52:01]} 10. g3 {[%clk 1:24:15]}  Bg7 {[%clk 0:50:41]} 11. Bb2 {[%clk 1:24:38]}  O-O-O {[%clk 0:46:05]} 12. Bg2 {[%clk 1:25:01]}  Rde8 {[%clk 0:45:44]} 13. O-O {[%clk 1:25:21]}  Nb6 {[%clk 0:44:57]} 14. Re1 {[%clk 1:11:18]}  h5 {[%clk 0:42:36]} 15. Nd2 {[%clk 1:08:07]}  h4 {[%clk 0:42:02]} 16. a4 {[%clk 1:06:21]}  hxg3 {[%clk 0:41:03]} 17. hxg3 {[%clk 1:06:45]}  Qf8 {[%clk 0:35:54]} 18. Nf3 {[%clk 1:02:11]}  Kb8 {[%clk 0:32:12]} 19. Qd2 {[%clk 1:01:40]}  f6 {[%clk 0:31:28]} 20. a5 {[%clk 1:01:13]}  Nc8 {[%clk 0:31:39]} 21. Qxd7 {[%clk 0:59:07]}  Rd8 {[%clk 0:31:11]} 22. Qg4 {[%clk 0:52:28]}  f5 {[%clk 0:31:18]} 23. Qg5 {[%clk 0:51:29]}  Qe8 {[%clk 0:26:21]} 24. Nd4 {[%clk 0:51:16]}  Bb7 {[%clk 0:25:47]} 25. a6 {[%clk 0:49:57]}  Ba8 {[%clk 0:24:57]} 26. c5 {[%clk 0:50:11]}  Ne7 {[%clk 0:23:06]} 27. Qd2 {[%clk 0:48:18]}  Nd5 {[%clk 0:23:15]} 28. Rad1 {[%clk 0:48:19]}  f4 {[%clk 0:20:15]} 29. gxf4 {[%clk 0:45:46]}  Rh4 {[%clk 0:19:14]} 30. Re4 {[%clk 0:44:03]}  Bh6 {[%clk 0:18:01]} 31. Ne2 {[%clk 0:42:48]}  Qe7 {[%clk 0:16:49]} 32. Bd4 {[%clk 0:41:39]}  Kc8 {[%clk 0:16:39]} 33. Be3 {[%clk 0:41:40]}  Rh8 {[%clk 0:16:47]} 34. Ng3 {[%clk 0:41:18]}  Qe6 {[%clk 0:15:58]} 35. f5 {[%clk 0:41:04]}  Bxe3 {[%clk 0:16:16]} 36. Rxh4 {[%clk 0:39:12]}  Rxh4 {[%clk 0:16:17]} 37. fxe6 {[%clk 0:39:35]}  Bxd2 {[%clk 0:16:18]} 38. Rxd2 {[%clk 0:39:51]}  Kd8 {[%clk 0:16:35]} 39. Ne2 {[%clk 0:37:31]}  Ke7 {[%clk 0:16:53]} 40. Nd4 {[%clk 0:37:39]}  Rh8 {[%clk 0:16:19]} 41. Be4 {[%clk 0:34:46]}  Nb4 {[%clk 0:16:15]} 42. f4 {[%clk 0:29:34]}  Rf8 {[%clk 0:11:06]} 43. Rh2 {[%clk 0:26:23]}  Nd5 {[%clk 0:04:48]} 44. Rh7+ {[%clk 0:23:01]}  Kd8 {[%clk 0:04:12]} 45. Bxd5 {[%clk 0:22:30]}  Rxf4 {[%clk 0:04:21]} 46. e7+ {[%clk 0:22:51]}  Kd7 {[%clk 0:01:34]} 47. Nxc6 {[%clk 0:21:16]} 1-0

[Event "45th FIDE Chess Olympiad Open"]
[Site "Budapest, Hungary"]
[Date "2024.09.20"]
[Round "9"]
[White "Tsephe, Lebajoa"]
[Black "Eichab, Charles"]
[Result "1/2-1/2"]
[Board "286"]
[WhiteFideId "21302197"]
[BlackFideId "15200051"]
[BlackTitle "CM"]
[WhiteElo "1900"]
[BlackElo "2013"]
[WhiteTeam "Lesotho"]
[BlackTeam "Namibia"]
[WhiteClock "0:01:35"]
[BlackClock "0:08:56"]
[Variant "Standard"]

1. d4 {[%clk 1:30:10]}  Nf6 {[%clk 1:30:29]} 2. c4 {[%clk 1:28:46]}  e6 {[%clk 1:29:40]} 3. g3 {[%clk 1:29:06]}  c5 {[%clk 1:29:19]} 4. Nf3 {[%clk 1:27:56]}  cxd4 {[%clk 1:21:18]} 5. Nxd4 {[%clk 1:25:32]}  a6 {[%clk 1:18:17]} 6. Bg2 {[%clk 1:25:18]}  Qc7 {[%clk 1:18:24]} 7. O-O {[%clk 1:08:20]}  Be7 {[%clk 1:03:06]} 8. b3 {[%clk 1:01:11]}  O-O {[%clk 1:02:58]} 9. Bb2 {[%clk 1:00:56]}  Nc6 {[%clk 0:50:49]} 10. Nc3 {[%clk 0:56:52]}  d6 {[%clk 0:32:31]} 11. Rc1 {[%clk 0:56:50]}  Nxd4 {[%clk 0:32:21]} 12. Qxd4 {[%clk 0:56:50]}  Rd8 {[%clk 0:32:10]} 13. Rfd1 {[%clk 0:53:57]}  Bd7 {[%clk 0:30:51]} 14. h3 {[%clk 0:50:03]}  Bc6 {[%clk 0:30:38]} 15. Nd5 {[%clk 0:45:54]}  Bxd5 {[%clk 0:26:47]} 16. cxd5 {[%clk 0:46:12]}  Qd7 {[%clk 0:22:08]} 17. dxe6 {[%clk 0:43:06]}  fxe6 {[%clk 0:22:35]} 18. Qb6 {[%clk 0:43:20]}  Rdb8 {[%clk 0:22:27]} 19. Rc7 {[%clk 0:37:02]}  Qd8 {[%clk 0:17:43]} 20. Rxb7 {[%clk 0:31:06]}  Qxb6 {[%clk 0:16:49]} 21. Rxb6 {[%clk 0:31:28]}  Rxb6 {[%clk 0:17:13]} 22. Bxa8 {[%clk 0:31:48]}  d5 {[%clk 0:16:49]} 23. Rc1 {[%clk 0:29:14]}  Rb8 {[%clk 0:13:30]} 24. Bc6 {[%clk 0:29:03]}  Ne4 {[%clk 0:12:56]} 25. Bd7 {[%clk 0:25:34]}  Kf7 {[%clk 0:05:21]} 26. Rc8 {[%clk 0:23:43]}  Rxc8 {[%clk 0:05:04]} 27. Bxc8 {[%clk 0:24:09]}  a5 {[%clk 0:04:24]} 28. Ba6 {[%clk 0:23:20]}  Bd6 {[%clk 0:03:58]} 29. Bd3 {[%clk 0:22:20]}  Nf6 {[%clk 0:03:47]} 30. Bc3 {[%clk 0:17:58]}  Bb4 {[%clk 0:04:09]} 31. Bd4 {[%clk 0:17:36]}  Nd7 {[%clk 0:02:38]} 32. f4 {[%clk 0:17:44]}  g6 {[%clk 0:01:15]} 33. Kf2 {[%clk 0:15:48]}  e5 {[%clk 0:01:02]} 34. fxe5 {[%clk 0:13:40]}  Ke6 {[%clk 0:01:21]} 35. e3 {[%clk 0:10:17]}  Nxe5 {[%clk 0:01:15]} 36. Bf1 {[%clk 0:10:40]}  Nf7 {[%clk 0:01:06]} 37. Bb2 {[%clk 0:07:25]}  Nd6 {[%clk 0:01:02]} 38. Bd3 {[%clk 0:07:45]}  Nf7 {[%clk 0:00:44]} 39. h4 {[%clk 0:07:15]}  Ne5 {[%clk 0:00:50]} 40. Bf1 {[%clk 0:07:07]}  Bc5 {[%clk 0:00:48]} 41. Ke2 {[%clk 0:07:12]}  Nc6 {[%clk 0:00:39]} 42. a3 {[%clk 0:05:18]}  Kd6 {[%clk 0:28:08]} 43. Bg2 {[%clk 0:32:31]}  Ke6 {[%clk 0:23:48]} 44. Bf3 {[%clk 0:30:48]}  Ne5 {[%clk 0:23:48]} 45. Bg2 {[%clk 0:30:44]}  Nc6 {[%clk 0:23:40]} 46. Bh3+ {[%clk 0:29:31]}  Kd6 {[%clk 0:23:49]} 47. Bc8 {[%clk 0:29:27]}  d4 {[%clk 0:21:54]} 48. b4 {[%clk 0:20:55]}  axb4 {[%clk 0:19:11]} 49. axb4 {[%clk 0:20:34]}  Bxb4 {[%clk 0:19:16]} 50. exd4 {[%clk 0:20:47]}  Ne7 {[%clk 0:18:51]} 51. Bb7 {[%clk 0:18:26]}  Nf5 {[%clk 0:16:12]} 52. Kf2 {[%clk 0:18:54]}  Ba5 {[%clk 0:15:08]} 53. Be4 {[%clk 0:18:58]}  Bd2 {[%clk 0:10:37]} 54. Kf3 {[%clk 0:19:03]}  Be1 {[%clk 0:09:41]} 55. Ba3+ {[%clk 0:15:21]}  Ke6 {[%clk 0:09:33]} 56. d5+ {[%clk 0:09:44]}  Ke5 {[%clk 0:09:01]} 57. Bxf5 {[%clk 0:09:15]}  gxf5 {[%clk 0:09:09]} 58. d6 {[%clk 0:09:20]}  Ke6 {[%clk 0:08:08]} 59. Bc5 {[%clk 0:09:18]}  Bc3 {[%clk 0:08:24]} 60. Ba3 {[%clk 0:09:18]}  Be5 {[%clk 0:08:24]} 61. h5 {[%clk 0:09:18]}  Kd7 {[%clk 0:07:47]} 62. Bb4 {[%clk 0:03:44]}  Ke6 {[%clk 0:08:08]} 63. Bc5 {[%clk 0:02:05]}  Kd7 {[%clk 0:08:33]} 64. Ba3 {[%clk 0:01:09]}  Ke6 {[%clk 0:08:56]} 65. Bc5 {[%clk 0:01:35]} 1/2-1/2